| 000 | 00395nam a2200145 a 4500 | ||
|---|---|---|---|
| 001 | 000048012 | ||
| 005 | 20201002060849.0 | ||
| 008 | 181015s2006 dr 000 spa d | ||
| 040 |
_aDO-SdBNP _bspa _cBNPHU |
||
| 082 |
_axxx _bF673 |
||
| 245 | 0 | _aFondos mutuos. | |
| 260 |
_aSanto Domingo : _bSuperintendencia de Valores, _c2006. |
||
| 300 |
_a127 p. ; _c23 cm. |
||
| 590 | _aInventariado, 2019 / DG | ||
| 999 |
_c47500 _d47500 |
||